Tabla de contenidos: volumen 28, número 1, 2000 Serie A, número 9
Guardado en:
| Format: | Bog |
|---|---|
| Sprog: | Spanish |
| Tags: |
Tilføj Tag
Ingen Tags, Vær først til at tagge denne postø!
|
MARC
| LEADER | 00000nam a22000007a 4500 | ||
|---|---|---|---|
| 003 | cru CIDCACS/IIS | ||
| 005 | 20230328111742.0 | ||
| 008 | 230328s2000 -us|||p|r|||| 00| 0 spa d | ||
| 040 | |c cru CIDCACS/IIS | ||
| 245 | |a Tabla de contenidos: |b volumen 28, número 1, 2000 Serie A, número 9 | ||
| 505 | |a Contenido:1.Resumen de los editores. -- 2.Antecedentes. -- 3.El uso de anticonceptivos orales en el mundo. -- 4.Beneficios de los anticonceptivos orales. -- 5.Riesgos de los anticonceptivos orales para la salud. -- 6.Píldoras anticonceptivas de emergencia. -- 7.Guía práctica para las PAE. -- 8.Interrogantes no resueltos sobre la salud. -- 9.Bibliografía. | ||
| 773 | 0 | |0 44848 |9 8560 |d Maryland, Estados Unidos : Population Information Program |o 22832 |t Population Reports / | |
| 942 | |2 ddc |c PP | ||
| 999 | |c 44854 |d 44854 | ||
